Género, clase y raza en América Latina: algunas aportaciones /

שמור ב:
מידע ביבליוגרפי
מחבר ראשי: Luna, Lola G.
מחברים אחרים: comp
פורמט: Texto
יצא לאור: Barcelona: Universitat de Barcelona
נושאים:
תגים: הוספת תג
אין תגיות, היה/י הראשונ/ה לתייג את הרשומה!

MARC

LEADER 00000 a a2200000 04500
001 18591
003
040
090 |a 143700  
100 |a Luna, Lola G.  
245 |a Género, clase y raza en América Latina: algunas aportaciones /  |c Lola G. Luna  
260 |a Barcelona:   |b Universitat de Barcelona  
300 |a 204 p.  
650 |a MUJERES  
650 |a DERECHOS DE LA MUJER  
650 |a SOCIALIZACION  
650 |a ORGANIZACIONES FEMENINAS  
700 |a comp  
999 |c 17204  |d 17204